Investments / (Record no. 4057)
[ view plain ]
| 000 -LEADER | |
|---|---|
| fixed length control field | 01039nac a22002771u 4500 |
| 010 ## - LIBRARY OF CONGRESS CONTROL NUMBER | |
| LC control number | 2003061512 |
| 020 ## - INTERNATIONAL STANDARD BOOK NUMBER | |
| International Standard Book Number | 0072861789 (alk. paper) |
| 022 ## - INTERNATIONAL STANDARD SERIAL NUMBER | |
| International Standard Serial Number | 0071160973 |
| 082 00 - DEWEY DECIMAL CLASSIFICATION NUMBER | |
| Classification number | 332.6 |
| Item number | B667 |
| 090 ## - LOCALLY ASSIGNED LC-TYPE CALL NUMBER (OCLC); LOCAL CALL NUMBER (OCLC) | |
| -- | 4057 |
| -- | 4057 |
| 100 ## - MAIN ENTRY--PERSONAL NAME | |
| Personal name | Bodie, Zvi. |
| 245 10 - TITLE STATEMENT | |
| Title | Investments / |
| Statement of responsibility, etc | Zvi Bodie, Alex Kane, Alan J. Marcus. |
| 250 ## - EDITION STATEMENT | |
| Edition statement | 4th ed. |
| 260 ## - PUBLICATION, DISTRIBUTION, ETC. (IMPRINT) | |
| Place of publication, distribution, etc | Boston, Mass. : |
| Name of publisher, distributor, etc | McGraw-Hill Irwin,2005 |
| Date of publication, distribution, etc | c2005. |
| 300 ## - PHYSICAL DESCRIPTION | |
| Extent | xxx, 1090 p. : |
| Other physical details | ill. ; |
| Dimensions | 26 cm. |
| 440 #4 - | |
| -- | The McGraw-Hill/Irwin series in finance, insurance, and real estate |
| 490 ## - Series Statement | |
| Series statement | Financial Series. |
| 500 ## - GENERAL NOTE | |
| General note | A variety of multi-media instructional aids are available to supplement the text. |
| 504 ## - BIBLIOGRAPHY, ETC. NOTE | |
| Bibliography, etc | Includes bibliographical references and indexes. |
| 650 #0 - SUBJECT ADDED ENTRY--TOPICAL TERM | |
| Topical term or geographic name as entry element | Investments. |
| 650 #0 - SUBJECT ADDED ENTRY--TOPICAL TERM | |
| Topical term or geographic name as entry element | Portfolio management. |
| 700 1# - ADDED ENTRY--PERSONAL NAME | |
| Personal name | Kane, Alex. |
| 700 1# - ADDED ENTRY--PERSONAL NAME | |
| Personal name | Marcus, Alan J. |
| 942 ## - ADDED ENTRY ELEMENTS (KOHA) | |
| Item type | Book - Borrowing |
| Call number prefix | 332.6B667 |
| Withdrawn status | Item status | Damaged status | Not for loan | Home library | Current library | Shelving location | Date acquired | Source of acquisition | Total Checkouts | Total Renewals | Full call number | Barcode | Date last seen | Date last borrowed | Koha item type |
|---|---|---|---|---|---|---|---|---|---|---|---|---|---|---|---|
| Central Library | Central Library | First floor | 19/08/2007 | Purchase | 2 | 3 | 332.6 BOD | 000000078 | 15/07/2025 | 17/03/2015 | Book - Borrowing |